Wuest's word studies; vol. 1. (Record no. 294)

000 -LEADER
fixed length control field 00572nam a2200181 a 4500
001 - CONTROL NUMBER
control field :::00013447$&:&@@
003 - CONTROL NUMBER IDENTIFIER
control field OkBaRHE
005 - DATE AND TIME OF LATEST TRANSACTION
control field 20100323200949.0
008 - FIXED-LENGTH DATA ELEMENTS--GENERAL INFORMATION
fixed length control field s1940 j 000 0 eng u
040 ## - CATALOGING SOURCE
Transcribing agency
100 1# - MAIN ENTRY--PERSONAL NAME
Personal name Wuest, Kenneth S.
245 10 - TITLE STATEMENT
Title Wuest's word studies; vol. 1.
260 ## - PUBLICATION, DISTRIBUTION, ETC. (IMPRINT)
Place of publication, distribution, etc Grand Rapids, MI., :
Name of publisher, distributor, etc Eerdmans Publishing House
Date of publication, distribution, etc 1940
300 ## - PHYSICAL DESCRIPTION
Extent v. (1-12) ;
Dimensions 20 cm.
650 ## - SUBJECT ADDED ENTRY--TOPICAL TERM
Topical term or geographic name as entry element Bible New Testament
General subdivision Word Studies
942 ## - ADDED ENTRY ELEMENTS (KOHA)
Source of classification or shelving scheme
Koha item type Books
Copies
Price effective from Source of classification or shelving scheme Date acquired Barcode Date last seen Full call number Collection code Shelving location Koha item type Not for loan Damaged status Copy number Lost status Permanent Location Withdrawn status
2010-04-14 2010-04-14134472018-03-16BS 2333.2 .W8ReferenceGeneral StacksBooks  1 RHEMA Bible Training College